[Event "14e Open International - St Denis de la "]
[Site "Saint Denis"]
[Date "2012.10.07"]
[Round "2.17"]
[White "Koch, Alain"]
[Black "Nassau, Pierre-Alexandre"]
[Result "1-0"]
[WhiteElo "1951"]
[BlackElo "1675"]
[PlyCount "81"]
[EventDate "2012.??.??"]

1. e4 e5 2. d4 exd4 3. Nf3 Nc6 4. Nxd4 Bc5 5. Be3 Qf6 6. c3 Nge7 7. Be2 O-O 8.
O-O Bb6 9. a4 d6 10. Nxc6 Nxc6 11. Bxb6 axb6 12. Nd2 Qg6 13. f4 Re8 14. Rf2 Re7
15. f5 Qf6 16. Qc2 Bd7 17. Nf3 h5 18. Rd1 Ne5 19. Nxe5 Qxe5 20. b3 h4 21. Bd3
Bc6 22. f6 Re6 23. Rf5 Ra5 24. Rxe5 Raxe5 25. fxg7 Rg6 26. Rf1 Kxg7 27. b4 Bd7
28. Qf2 Be6 29. Qxh4 Reg5 30. Rf2 f6 31. Qf4 Bh3 32. g3 Be6 33. Qe3 Re5 34. Qc1
Bd7 35. b5 c6 36. c4 Be6 37. bxc6 bxc6 38. Qb2 b5 39. axb5 cxb5 40. cxb5 Rgg5
41. b6 1-0

[Event "14e Open International - St Denis de la "]
[Site "Saint Denis"]
[Date "2012.10.07"]
[Round "2.18"]
[White "Altiery, Hugo"]
[Black "Ratsimikatry, Caryl Patrick"]
[Result "0-1"]
[WhiteElo "1400"]
[BlackElo "1924"]
[PlyCount "72"]
[EventDate "2012.??.??"]

1. e4 c6 2. Nf3 d5 3. exd5 cxd5 4. d4 Bg4 5. Be2 e6 6. Ne5 Bxe2 7. Qxe2 Nc6 8.
c3 Nf6 9. Bg5 Be7 10. Qb5 Qc7 11. Nd2 O-O 12. Qe2 a6 13. h3 b5 14. Qe3 Rac8 15.
Bf4 Bd6 16. O-O Nh5 17. Bh2 Ne7 18. Ndf3 Nf5 19. Qd2 Nf6 20. Rfe1 Ne4 21. Qc1
Qe7 22. Ng4 Bxh2+ 23. Ngxh2 b4 24. Nd2 Nxd2 25. Qxd2 bxc3 26. bxc3 Qa3 27. Rac1
Rc4 28. Rc2 Rfc8 29. Rec1 Nd6 30. Nf3 Ne4 31. Qf4 Nxc3 32. Re1 Qa4 33. Ne5 f6
34. Nxc4 Qxc2 35. Nd2 Ne2+ 36. Rxe2 Qd1+ 0-1

[Event "14e Open International - St Denis de la "]
[Site "Saint Denis"]
[Date "2012.10.07"]
[Round "2.20"]
[White "Ranaivoharisoa, Alain"]
[Black "Mablouke, Ulrich"]
[Result "1-0"]
[WhiteElo "2175"]
[BlackElo "1785"]
[PlyCount "61"]
[EventDate "2012.??.??"]

1. e4 e6 2. d4 d5 3. Nd2 Nf6 4. e5 Nfd7 5. Bd3 c5 6. c3 Nc6 7. Ne2 Qb6 8. Nf3
f6 9. exf6 Nxf6 10. O-O c4 11. Bc2 Bd6 12. b3 cxb3 13. axb3 Qd8 14. Qd3 Ne7 15.
Ng3 Ng6 16. Re1 O-O 17. Bg5 Bxg3 18. hxg3 Qe8 19. Nh4 Nxh4 20. gxh4 Qh5 21. Bd1
Qf7 22. f3 Ne4 23. Be3 Ng3 24. Bf2 Nf5 25. Bc2 h5 26. Re5 Qf6 27. Rae1 g5 28.
g4 gxh4 29. gxf5 Qg5+ 30. Kh1 Kh8 31. f6 1-0

[Event "14e Open International - St Denis de la "]
[Site "Saint Denis"]
[Date "2012.10.07"]
[Round "2.21"]
[White "Dennemont, Bruno"]
[Black "Payet, Jean-Claude"]
[Result "0-1"]
[WhiteElo "1299"]
[BlackElo "1829"]
[PlyCount "50"]
[EventDate "2012.??.??"]

1. e4 c5 2. Bc4 e6 3. e5 d5 4. exd6 Bxd6 5. Nf3 Nc6 6. d4 cxd4 7. Nxd4 Nf6 8.
Nxc6 bxc6 9. Nc3 h6 10. b3 Nd5 11. Bd2 O-O 12. Nxd5 cxd5 13. Bd3 Qh4 14. c4 Bb7
15. Qf3 Rab8 16. Bc2 dxc4 17. Qc3 cxb3 18. axb3 Bxg2 19. Rg1 Qxh2 20. O-O-O Be5
21. Qd3 g6 22. Bxh6 Qxh6+ 23. Kb1 Bd5 24. Rc1 Bh8 25. Rh1 Bxh1 0-1

[Event "14e Open International - St Denis de la "]
[Site "Saint Denis"]
[Date "2012.10.07"]
[Round "2.23"]
[White "Denis, Valentin"]
[Black "Lecoro, Sylvain"]
[Result "1/2-1/2"]
[WhiteElo "1498"]
[BlackElo "1713"]
[PlyCount "56"]
[EventDate "2012.??.??"]

1. e4 e6 2. d4 d5 3. exd5 exd5 4. Nc3 c6 5. Nf3 Bd6 6. Bg5 Ne7 7. Bd3 Qc7 8.
Bxe7 Qxe7+ 9. Qe2 O-O 10. Qxe7 Bxe7 11. h3 Nd7 12. Ne2 Re8 13. c4 Bb4+ 14. Nd2
Bxd2+ 15. Kxd2 dxc4 16. Bxc4 Nb6 17. b3 Be6 18. Rac1 Rad8 19. g4 c5 20. Kd3
cxd4 21. Nxd4 Bd5 22. Rhe1 Be6 23. Kc3 Bxc4 24. bxc4 Rxe1 25. Rxe1 h6 26. c5
Na4+ 27. Kc4 Nb2+ 28. Kc3 Na4+ 1/2-1/2

[Event "14e Open International - St Denis de la "]
[Site "Saint Denis"]
[Date "2012.10.07"]
[Round "2.24"]
[White "Folio, Cedric"]
[Black "Cazal, Vincent"]
[Result "1-0"]
[WhiteElo "1700"]
[BlackElo "1490"]
[PlyCount "49"]
[EventDate "2012.??.??"]

1. f4 d5 2. Nf3 Nc6 3. e3 Nf6 4. Bb5 Bd7 5. Bxc6 Bxc6 6. Ne5 Bd7 7. b3 Bf5 8.
Bb2 e6 9. d3 Bc5 10. Qe2 d4 11. e4 Bb4+ 12. Nd2 Bg6 13. O-O-O Bc3 14. Ba3 b5
15. Kb1 b4 16. Bc1 Qd6 17. Ndc4 Qc5 18. g4 a5 19. f5 Qxe5 20. Nxe5 a4 21. fxg6
hxg6 22. Rdf1 Ra5 23. g5 axb3 24. cxb3 Nh7 25. Nxf7 1-0

[Event "14e Open International - St Denis de la "]
[Site "Saint Denis"]
[Date "2012.10.07"]
[Round "2.25"]
[White "Rivolo, Jean-Guillaume"]
[Black "Strate, Wolfgang"]
[Result "1/2-1/2"]
[WhiteElo "1486"]
[BlackElo "1689"]
[PlyCount "52"]
[EventDate "2012.??.??"]

1. d4 Nf6 2. Nf3 d5 3. Bg5 e6 4. e3 Be7 5. c4 Nbd7 6. Nc3 O-O 7. a3 Re8 8. Be2
dxc4 9. Bxc4 Nb6 10. Bd3 h6 11. Bh4 Nbd5 12. Qc2 c6 13. O-O Nxc3 14. Qxc3 Nd5
15. Bxe7 Qxe7 16. Qc2 Bd7 17. Ne5 Rec8 18. Rfc1 Rc7 19. Bh7+ Kh8 20. Be4 Be8
21. Nd3 Qg5 22. Qe2 Rac8 23. Rc2 Nf6 24. Bf3 Nd5 25. Rac1 Qh4 26. Ne5 Qe7
1/2-1/2

[Event "14e Open International - St Denis de la "]
[Site "Saint Denis"]
[Date "2012.10.07"]
[Round "2.26"]
[White "Artigaud, Daniel"]
[Black "Romain, Arnaud"]
[Result "0-1"]
[WhiteElo "1430"]
[BlackElo "1660"]
[PlyCount "66"]
[EventDate "2012.??.??"]

1. d4 d5 2. Nf3 Bf5 3. e3 Nf6 4. Bd3 Bg4 5. Nbd2 c5 6. b3 e6 7. Bb2 Nc6 8. O-O
cxd4 9. exd4 Bd6 10. c4 Nb4 11. Be2 Bf5 12. a3 Nd3 13. Bxd3 Bxd3 14. Re1 O-O
15. Re3 Bf5 16. h3 Re8 17. Re1 Rc8 18. Rc1 Bf4 19. cxd5 Qxd5 20. Rxc8 Rxc8 21.
Qe2 h6 22. b4 Rc2 23. Bc1 Qa2 24. g3 Bxd2 25. Bxd2 Bxh3 26. Qd1 Bg4 27. Be3 Nd5
28. Qb1 Bxf3 29. Qxa2 Rxa2 30. Rc1 Nxe3 31. fxe3 Rxa3 32. Rc8+ Kh7 33. Rc7 Kg6
0-1

[Event "14e Open International - St Denis de la "]
[Site "Saint Denis"]
[Date "2012.10.07"]
[Round "2.27"]
[White "Deurvillier, Martial"]
[Black "Rivolo, Anne-Claire"]
[Result "1-0"]
[WhiteElo "1620"]
[BlackElo "1470"]
[PlyCount "77"]
[EventDate "2012.??.??"]

1. d4 d5 2. c4 c5 3. cxd5 Qxd5 4. Nc3 Qxd4 5. Qxd4 cxd4 6. Nb5 Na6 7. Nf3 Nf6
8. Bf4 Nd5 9. Bd2 Bf5 10. Nfxd4 Bg6 11. e3 e5 12. Nf3 Nab4 13. Na3 Bd6 14. Bb5+
Nc6 15. O-O O-O 16. Bxc6 bxc6 17. Nc4 Bc7 18. Ncxe5 Be4 19. Nxc6 f5 20. Ncd4
Rfe8 21. Rac1 f4 22. exf4 Bxf4 23. Bxf4 Nxf4 24. Rfd1 Rad8 25. Rd2 Bd3 26. Rcd1
Be2 27. Nxe2 Nxe2+ 28. Kf1 Rxd2 29. Rxd2 Nf4 30. g3 Ng6 31. b4 Rc8 32. a4 Rc4
33. Rb2 Ne7 34. a5 Nc6 35. b5 Nxa5 36. Ra2 Nb7 37. Rxa7 Nd6 38. Ra8+ Kf7 39.
Ne5+ 1-0

[Event "14e Open International - St Denis de la "]
[Site "Saint Denis"]
[Date "2012.10.07"]
[Round "2.28"]
[White "Noel, Philippe"]
[Black "Fontaine, Willy"]
[Result "1-0"]
[WhiteElo "1380"]
[BlackElo "1610"]
[PlyCount "103"]
[EventDate "2012.??.??"]

1. e4 d5 2. e5 e6 3. d4 Bb4+ 4. c3 Be7 5. Nf3 c5 6. Be3 Nc6 7. Bb5 Bd7 8. Bxc6
Bxc6 9. O-O c4 10. Qc1 h6 11. Nbd2 a5 12. b3 b5 13. a3 a4 14. b4 Bg5 15. Nxg5
hxg5 16. Nf3 g4 17. Ne1 Qh4 18. h3 gxh3 19. g3 h2+ 20. Kh1 Qe4+ 21. Ng2 Ne7 22.
f3 Qg6 23. g4 O-O-O 24. Bg5 f6 25. exf6 gxf6 26. Bf4 Rdg8 27. Qe1 Bd7 28. Qg3
Nc6 29. Bd6 Qd3 30. Rac1 Rh7 31. Nf4 Qd2 32. Rfe1 Rgh8 33. Nh5 Qd3 34. Nf4 Qd2
35. Red1 Qb2 36. Re1 Qxa3 37. Ng6 Re8 38. Qf4 Qb2 39. Qxf6 a3 40. Nf8 Rh3 41.
Qf7 Rd8 42. Nxe6 a2 43. Nxd8 Nxd8 44. Qf8 a1=Q 45. Rxa1 Rg3 46. Bxg3 Qxc3 47.
Qc5+ Nc6 48. Qb6 Qxf3+ 49. Kxh2 Qxg3+ 50. Kxg3 Nb8 51. Ra8 Bxg4 52. Kxg4 1-0

[Event "14e Open International - St Denis de la "]
[Site "Saint Denis"]
[Date "2012.10.07"]
[Round "2.29"]
[White "Han Yee Yu, Jerome"]
[Black "Hoareau, Noe"]
[Result "1-0"]
[WhiteElo "1603"]
[BlackElo "1420"]
[PlyCount "61"]
[EventDate "2012.??.??"]

1. e4 e6 2. d3 d5 3. Nd2 c5 4. Ngf3 Nc6 5. g3 Bd7 6. c3 Qb6 7. Bg2 Nf6 8. O-O
g6 9. Re1 Bg7 10. Nf1 Ng4 11. h3 Nge5 12. Nxe5 Bxe5 13. exd5 exd5 14. f4 O-O-O
15. fxe5 Rde8 16. Qc2 Nxe5 17. Bf4 c4+ 18. d4 Nd3 19. Rxe8+ Rxe8 20. b3 Bf5 21.
Qd2 cxb3 22. axb3 Qxb3 23. Ne3 Qb5 24. Nxf5 gxf5 25. Bf1 Qb2 26. Qxb2 Nxb2 27.
Rxa7 Kd8 28. Ra8+ Ke7 29. Bg5+ f6 30. Rxe8+ Kxe8 31. Bxf6 1-0

[Event "14e Open International - St Denis de la "]
[Site "Saint Denis"]
[Date "2012.10.07"]
[Round "2.30"]
[White "Sandjivy, Mateo"]
[Black "Craquelin, Mathie"]
[Result "0-1"]
[WhiteElo "1360"]
[BlackElo "1590"]
[PlyCount "74"]
[EventDate "2012.??.??"]

1. e4 e5 2. Bc4 Nf6 3. Nc3 Nc6 4. d3 h6 5. Be3 Bb4 6. a3 Bxc3+ 7. bxc3 a6 8. a4
O-O 9. f4 exf4 10. Bxf4 d5 11. exd5 Nxd5 12. Bxd5 Qxd5 13. Qd2 Re8+ 14. Be3 Qe5
15. Kf2 Qf6+ 16. Nf3 Bg4 17. Rhf1 Ne5 18. Kg3 Bxf3 19. gxf3 Qg6+ 20. Kf2 Qh5
21. Kg2 Re6 22. Bf4 Qf5 23. d4 Nc4 24. Qc1 Re2+ 25. Kh1 Qxc2 26. Rg1 Rc8 27.
Rxg7+ Kxg7 28. Bxh6+ Kh7 29. Qf4 Rxh2+ 30. Qxh2 Qxh2+ 31. Kxh2 Kxh6 32. Rb1 b6
33. Rb4 Nd6 34. d5 Rh8 35. Rf4 Kg5+ 36. Kg3 Rh3+ 37. Kxh3 Kxf4 0-1

[Event "14e Open International - St Denis de la "]
[Site "Saint Denis"]
[Date "2012.10.07"]
[Round "2.31"]
[White "Oster, Jean-Marie"]
[Black "Sandjivy, Jean Marc"]
[Result "1-0"]
[WhiteElo "1571"]
[BlackElo "1392"]
[PlyCount "51"]
[EventDate "2012.??.??"]

1. Nf3 Nf6 2. c4 e6 3. e3 b6 4. d4 Bb7 5. Nc3 Bb4 6. Bd2 O-O 7. a3 Be7 8. Be2
c5 9. O-O cxd4 10. exd4 d5 11. cxd5 Nxd5 12. Rc1 Nc6 13. Nxd5 Qxd5 14. Bc4 Qf5
15. Re1 Rad8 16. Bc3 Bf6 17. Bd3 Qh5 18. Be4 Rd7 19. h3 Rfd8 20. g4 Qxh3 21.
Nh2 Nxd4 22. Bxb7 Rxb7 23. Bxd4 Bxd4 24. Qxd4 Rbd7 25. Qxd7 Qh4 26. Rc8 1-0

[Event "14e Open International - St Denis de la "]
[Site "Saint Denis"]
[Date "2012.10.07"]
[Round "2.32"]
[White "Le Maguet, Loan"]
[Black "Karcher, Roger"]
[Result "0-1"]
[WhiteElo "1270"]
[BlackElo "1570"]
[PlyCount "116"]
[EventDate "2012.??.??"]

1. e4 c6 2. Nc3 d5 3. d4 a6 4. Bf4 h6 5. Nf3 Bg4 6. h3 dxe4 7. Nxe4 Bxf3 8.
gxf3 e6 9. Qd3 Nf6 10. O-O-O Nbd7 11. Qb3 Nd5 12. Bd6 Qb6 13. Qxb6 N7xb6 14.
Rg1 Rg8 15. Bd3 f5 16. Bg3 fxe4 17. fxe4 Nb4 18. Be2 Nxa2+ 19. Kb1 Nb4 20. Bg4
Ke7 21. Be5 a5 22. Rg3 g5 23. Ra3 Nc4 24. Ra1 Nxe5 25. dxe5 b6 26. Rd6 Rd8 27.
Rxe6+ Kf7 28. c3 Nd3 29. Rf6+ Kg7 30. Rf5 Nc5 31. f3 Rd1+ 32. Ka2 Rxa1+ 33.
Kxa1 Be7 34. Bh5 Rf8 35. Ka2 Rxf5 36. exf5 Kf8 37. f6 Bd8 38. Bg4 Nd3 39. Bf5
Nxe5 40. Be4 Bxf6 41. Kb3 c5 42. Ka4 Bd8 43. Kb5 Ke7 44. c4 Kd6 45. b3 h5 46.
Bf5 Nxf3 47. Bg6 h4 48. Bh5 Nd4+ 49. Ka4 Kc7 50. Be8 Ne2 51. Ka3 Nf4 52. Bf7
Nxh3 53. Be6 Nf4 54. Bf5 h3 55. Be4 g4 56. Ba8 g3 57. Bf3 g2 58. Bxg2 hxg2 0-1

[Event "14e Open International - St Denis de la "]
[Site "Saint Denis"]
[Date "2012.10.07"]
[Round "2.33"]
[White "Andriandaza, Tombo Omar"]
[Black "Romain, Juliane"]
[Result "1-0"]
[WhiteElo "1567"]
[BlackElo "1367"]
[PlyCount "69"]
[EventDate "2012.??.??"]

1. d4 d5 2. e3 Nc6 3. Bd3 Nf6 4. c3 e5 5. dxe5 Nxe5 6. Bc2 c6 7. e4 Bd7 8. Bg5
Be6 9. Qd4 h6 10. Bh4 Bd6 11. f4 c5 12. Qd1 Ng6 13. Bxf6 Qxf6 14. e5 Qe7 15.
exd6 Qxd6 16. Ba4+ Bd7 17. Bxd7+ Qxd7 18. Ne2 O-O 19. O-O Rfe8 20. f5 Ne5 21.
Ng3 Qb5 22. b3 Nd7 23. Qxd5 Re7 24. Nd2 Rae8 25. Nc4 Qa6 26. a4 b6 27. Nd6 Rf8
28. c4 Qa5 29. Rad1 Nf6 30. Qf3 a6 31. Rd3 Qb4 32. Nh5 Nd7 33. Nxg7 Kxg7 34.
f6+ Kh8 35. fxe7 1-0

[Event "14e Open International - St Denis de la "]
[Site "Saint Denis"]
[Date "2012.10.07"]
[Round "2.34"]
[White "Ringayen, Francinel"]
[Black "Ringayen, Rose-May"]
[Result "1-0"]
[WhiteElo "1180"]
[BlackElo "1567"]
[PlyCount "161"]
[EventDate "2012.??.??"]

1. e4 e5 2. Nf3 Nc6 3. Nc3 Nf6 4. d4 exd4 5. Nxd4 Bc5 6. Be3 O-O 7. Nxc6 dxc6
8. Qxd8 Rxd8 9. Bxc5 b6 10. Be7 Re8 11. Bxf6 gxf6 12. Bd3 Bb7 13. O-O Rad8 14.
Rad1 b5 15. Ne2 Ba6 16. Ng3 c5 17. b3 c4 18. bxc4 bxc4 19. Be2 Rb8 20. Rb1 h6
21. Nh5 Red8 22. Rxb8 Rxb8 23. Nxf6+ Kg7 24. Nh5+ Kh7 25. Nf6+ Kg6 26. e5 Kg7
27. Nh5+ Kh7 28. Nf6+ Kg7 29. Bh5 c3 30. Rc1 Rb5 31. Ne8+ Kf8 32. Nf6 Ke7 33.
Ng8+ Ke6 34. f4 Rb2 35. Bg4+ Kd5 36. Ne7+ Kc5 37. e6 fxe6 38. Bxe6 Bc4 39. Bxc4
Kxc4 40. f5 Rb6 41. Re1 Rd6 42. Rf1 Rf6 43. h4 Rf7 44. f6 Kb4 45. g4 Ka3 46. g5
hxg5 47. hxg5 Kb2 48. g6 Rf8 49. g7 Rd8 50. f7 Kxc2 51. g8=Q Rd3 52. Qh7 c5 53.
f8=R Kd2 54. R1f2+ Ke3 55. R8f3+ Kd4 56. Qe4+ Kxe4 57. Rf4+ Ke5 58. Rf5+ Ke6
59. Re2+ Kd6 60. Nc8+ Kd7 61. Nxa7 c4 62. Rc5 Kd6 63. Rxc4 Kd5 64. Rc8 Kd4 65.
Nb5+ Kd5 66. Rd8+ Kc4 67. Na3+ Kb4 68. Rxd3 Kxa3 69. Rxc3+ Kb4 70. Rg3 Kc4 71.
Re4+ Kd5 72. Ra4 Ke5 73. Rg5+ Kf6 74. Rb5 Ke6 75. Ra6+ Kd7 76. Rb7+ Kc8 77. Rg7
Kb8 78. Rh6 Kc8 79. Ra6 Kb8 80. Rh6 Kc8 81. Rh8# 1-0

[Event "14e Open International - St Denis de la "]
[Site "Saint Denis"]
[Date "2012.10.07"]
[Round "2.35"]
[White "Cochard, Franck-Olivier"]
[Black "Singuina, Yvan"]
[Result "1-0"]
[WhiteElo "1554"]
[BlackElo "1350"]
[PlyCount "77"]
[EventDate "2012.??.??"]

1. Nf3 Nc6 2. c4 e5 3. d4 e4 4. Nfd2 Nf6 5. e3 d5 6. Nc3 Bg4 7. Qc2 Be6 8. cxd5
Bxd5 9. Ndxe4 Nxe4 10. Nxe4 Bb4+ 11. Bd2 Bxd2+ 12. Nxd2 O-O 13. e4 Re8 14.
O-O-O Nxd4 15. Qc5 Bxa2 16. Qc3 Nc6 17. b3 Qd4 18. Qxd4 Nxd4 19. Kb2 Rad8 20.
Kxa2 Nxb3 21. Kxb3 Rxe4 22. Bc4 Red4 23. Kc3 a5 24. Rhe1 h6 25. Re8+ Kh7 26.
Rxd8 Rxd8 27. Ra1 b5 28. Bxf7 Rf8 29. Bd5 Rxf2 30. Be4+ g6 31. Bf3 g5 32. Re1
Kg7 33. Re7+ Kf6 34. Rxc7 Ke5 35. Nc4+ Kf6 36. Nb6 Ke6 37. Rc6+ Ke7 38. Rxh6
Ra2 39. Rg6 1-0

[Event "14e Open International - St Denis de la "]
[Site "Saint Denis"]
[Date "2012.10.07"]
[Round "2.36"]
[White "Sandjivy, Vivien"]
[Black "Lecaille, Max"]
[Result "0-1"]
[WhiteElo "1100"]
[BlackElo "1545"]
[PlyCount "82"]
[EventDate "2012.??.??"]

1. Nf3 d5 2. Nc3 Nf6 3. d3 Nc6 4. Bd2 e5 5. e4 Bg4 6. Be2 d4 7. Na4 b5 8. h3
Bxf3 9. Bxf3 bxa4 10. O-O Rb8 11. Rb1 Be7 12. c3 dxc3 13. bxc3 Qxd3 14. Rxb8+
Nxb8 15. Qxa4+ Qd7 16. Qxa7 O-O 17. Qa5 Nc6 18. Qa6 Bc5 19. Qe2 Ra8 20. Bg5 Qe6
21. Ra1 Ra3 22. Qc2 Na7 23. Bc1 Ra6 24. Be2 Rc6 25. Qd2 Rd6 26. Qb2 Bb6 27. Be3
Nxe4 28. Qa3 Bxe3 29. fxe3 Nc6 30. Bb5 g6 31. Bxc6 Rxc6 32. Rf1 Nxc3 33. Rf2
Ne4 34. Rf1 Ng3 35. Rf3 Nf5 36. e4 Nd4 37. Rf1 Ra6 38. Qb2 Qb6 39. Qf2 Ne2+ 40.
Kh1 Qxf2 41. Rxf2 Rxa2 0-1

[Event "14e Open International - St Denis de la "]
[Site "Saint Denis"]
[Date "2012.10.07"]
[Round "2.37"]
[White "Chan-Faye, Yoann"]
[Black "Caro, Vincent"]
[Result "1-0"]
[WhiteElo "1532"]
[BlackElo "1280"]
[PlyCount "53"]
[EventDate "2012.??.??"]

1. e4 e5 2. Nf3 Nc6 3. Bc4 Bc5 4. c3 Nf6 5. d3 h6 6. O-O O-O 7. h3 Be7 8. Re1
d6 9. Bb3 Re8 10. Nbd2 Be6 11. Bc2 d5 12. d4 Bd6 13. exd5 Bxd5 14. dxe5 Nxe5
15. Nxe5 Bxe5 16. Nf3 Bd6 17. Be3 c5 18. Bf5 Be6 19. Bd3 Qc7 20. a3 a6 21. Qd2
c4 22. Bc2 Rad8 23. Bd4 Bd5 24. Bxf6 Bh2+ 25. Nxh2 Rc8 26. Rxe8+ Rxe8 27. Qxd5
1-0

[Event "14e Open International - St Denis de la "]
[Site "Saint Denis"]
[Date "2012.10.07"]
[Round "2.38"]
[White "Collowald, Adrien"]
[Black "Francois, Robert"]
[Result "1-0"]
[WhiteElo "1009"]
[BlackElo "1530"]
[PlyCount "54"]
[EventDate "2012.??.??"]

1. e4 c5 2. d4 cxd4 3. Qxd4 Nc6 4. Qd1 Qc7 5. Nf3 Nf6 6. Nc3 e6 7. Bb5 a6 8.
Bxc6 dxc6 9. O-O Be7 10. Bg5 O-O 11. Bxf6 Bxf6 12. Re1 e5 13. h3 b5 14. Ne2 Be6
15. b3 Rfd8 16. Qc1 c5 17. Rd1 Qc6 18. Rxd8+ Rxd8 19. a4 Qxe4 20. Qe1 Qxc2 21.
Rc1 Qxb3 22. axb5 axb5 23. Rxc5 Rd1 24. Qxd1 Qxd1+ 25. Kh2 Qxe2 26. Rc6 e4 27.
Rb6 exf3 1-0

[Event "14e Open International - St Denis de la "]
[Site "Saint Denis"]
[Date "2012.10.07"]
[Round "2.39"]
[White "Tang Hon Yue, Thibault"]
[Black "Cazal, Julian"]
[Result "1-0"]
[WhiteElo "1506"]
[BlackElo "1130"]
[PlyCount "87"]
[EventDate "2012.??.??"]

1. d4 d5 2. Nf3 Nf6 3. g3 e6 4. Bg2 Nc6 5. O-O Bd6 6. c4 dxc4 7. Nc3 e5 8. dxe5
Nxe5 9. Nd2 O-O 10. f4 Neg4 11. Nxc4 Bc5+ 12. e3 Qe7 13. Qf3 Be6 14. Ne5 Qd6
15. Nxg4 Nxg4 16. Ne4 Qe7 17. Nxc5 Qxc5 18. f5 Bxf5 19. Qxf5 Qxf5 20. Rxf5 Rfd8
21. Rf1 Rd7 22. Bh3 h5 23. e4 Rd4 24. Bxg4 hxg4 25. e5 Re8 26. Bf4 Rc4 27. Rac1
Rb4 28. b3 Re4 29. Rxc7 Re2 30. a4 Ra2 31. Rxb7 Rc8 32. Rf2 Rcc2 33. Rxc2 Rxc2
34. Rxa7 Ra2 35. Rd7 Kh7 36. Rxf7 Kg6 37. Rd7 Kf5 38. Rxg7 Ke4 39. Rd7 Kf3 40.
Rd3+ Ke2 41. Rd2+ Rxd2 42. Bxd2 Kxd2 43. e6 Ke3 44. e7 1-0

[Event "14e Open International de la Reunion"]
[Site "St Denis"]
[Date "2012.10.07"]
[Round "3.1"]
[White "Akshat, Khamparia"]
[Black "Rakotomaharo, Fy Antenaina"]
[Result "1-0"]
[WhiteElo "2382"]
[BlackElo "1995"]
[PlyCount "105"]
[EventDate "2012.??.??"]

1. d4 d5 2. c4 e5 3. dxe5 d4 4. Nf3 Nc6 5. a3 a5 6. e3 Bc5 7. Be2 Bf5 8. exd4
Bxd4 9. O-O Bxe5 10. Nxe5 Nxe5 11. Bf4 f6 12. Qb3 Ne7 13. Rd1 Qc8 14. Nc3 O-O
15. Nb5 N7g6 16. Bg3 a4 17. Qc3 Rd8 18. h4 Bg4 19. f3 Bh5 20. c5 Kh8 21. Kf1 b6
22. Rxd8+ Qxd8 23. Rd1 Qe7 24. cxb6 cxb6 25. Qc7 Re8 26. Qxe7 Nxe7 27. Bf2 Bf7
28. Nd6 Rf8 29. f4 Bb3 30. fxe5 Bxd1 31. Bxd1 fxe5 32. Bxa4 g6 33. Ke2 Nd5 34.
g3 Kg7 35. Bb3 Ne7 36. a4 Rb8 37. Bc4 Nc6 38. Bb5 Nd4+ 39. Bxd4 exd4 40. Kd3
Kf6 41. b4 Ke5 42. Nf7+ Kf5 43. Bd7+ Kf6 44. Ng5 h6 45. Nf3 g5 46. hxg5+ hxg5
47. g4 Rd8 48. Bf5 Ra8 49. Kxd4 Rxa4 50. Kc4 Ra3 51. Nd2 Ke5 52. Ne4 Kf4 53.
Nf6 1-0

[Event "14e Open International de la Reunion"]
[Site "St Denis"]
[Date "2012.10.07"]
[Round "3.2"]
[White "Ramasindraibe, Girard"]
[Black "Hecht, Hans-Joachim"]
[Result "0-1"]
[WhiteElo "1982"]
[BlackElo "2347"]
[PlyCount "64"]
[EventDate "2012.??.??"]

1. e4 e5 2. Nf3 Nc6 3. Bb5 f5 4. d4 fxe4 5. Nxe5 Nxe5 6. dxe5 c6 7. Be2 Qa5+ 8.
Bd2 Qxe5 9. Bh5+ Kd8 10. O-O Nf6 11. Be2 d5 12. Re1 Bc5 13. Nc3 Rf8 14. Be3
Bxe3 15. fxe3 Kc7 16. Na4 h5 17. c4 Bg4 18. Qb3 Bxe2 19. Rxe2 Ng4 20. g3 d4 21.
exd4 Qxd4+ 22. Kh1 Rf2 23. Rd1 Qf6 24. Nc5 Qf3+ 25. Qxf3 exf3 26. Re7+ Kb6 27.
b4 Rxh2+ 28. Kg1 Rg2+ 29. Kf1 Nh2+ 30. Ke1 f2+ 31. Kd2 f1=Q+ 32. Kc3 Qf6+ 0-1

[Event "14e Open International de la Reunion"]
[Site "St Denis"]
[Date "2012.10.07"]
[Round "3.3"]
[White "Linder, Oliver"]
[Black "Reinhart, Emmanuel"]
[Result "0-1"]
[WhiteElo "1980"]
[BlackElo "2312"]
[PlyCount "104"]
[EventDate "2012.??.??"]

1. d4 c6 2. Nf3 Nf6 3. e3 d5 4. c4 a6 5. a4 Bf5 6. Qb3 Qc7 7. Nbd2 Nbd7 8. Be2
h6 9. Nf1 e6 10. Ng3 Bh7 11. Bd2 Ne4 12. Bc3 Bd6 13. Rc1 Nxc3 14. bxc3 O-O 15.
c5 Be7 16. O-O Rfb8 17. c4 b6 18. cxb6 Rxb6 19. Qd1 Rb4 20. cxd5 exd5 21. Bd3
Bxd3 22. Qxd3 Rxa4 23. Qb3 Ra5 24. Nf5 Bf8 25. Qc2 Rc8 26. Nd2 Rb5 27. Ra1 a5
28. Rfc1 Nb6 29. e4 dxe4 30. Qxe4 Qd7 31. Ne3 Nd5 32. Nec4 Bb4 33. Ne5 Qe6 34.
Qd3 f6 35. Nef3 Nf4 36. Qc4 Rd5 37. Re1 Qg4 38. g3 Kh8 39. Re4 Bxd2 40. Nxd2
Nh3+ 41. Kg2 Qf5 42. f4 g5 43. fxg5 Nxg5 44. Rf4 Qh3+ 45. Kg1 Qe6 46. Qd3 Nh3+
47. Kh1 Nxf4 48. gxf4 Rg8 49. Rg1 Rb5 50. Rc1 Qd5+ 51. Nf3 Rb3 52. Rc3 Qxf3+
0-1

[Event "14e Open International de la Reunion"]
[Site "St Denis"]
[Date "2012.10.07"]
[Round "3.4"]
[White "Rabe Andrianandrasan, Haingo"]
[Black "Seyfried, Claus"]
[Result "0-1"]
[WhiteElo "1978"]
[BlackElo "2160"]
[PlyCount "67"]
[EventDate "2012.??.??"]

1. d4 d5 2. Nf3 c6 3. e3 e6 4. c4 Bd6 5. Nc3 f5 6. Bd3 Nf6 7. Bd2 O-O 8. O-O
Ne4 9. c5 Bc7 10. b4 b6 11. Rc1 Nd7 12. Ne2 e5 13. cxb6 axb6 14. Rxc6 Nxd2 15.
Nxd2 Rxa2 16. Bb1 Ra7 17. Ng3 Ba6 18. Qa4 Qa8 19. Qc2 Bxf1 20. Ndxf1 Qd8 21.
Nxf5 e4 22. N5g3 Nf6 23. b5 Bxg3 24. hxg3 Ra5 25. Qb3 Kh8 26. f3 Re8 27. g4 h6
28. Ng3 Qe7 29. Nf5 Qa3 30. Qc2 Rxb5 31. fxe4 Qa1 32. Nxh6 Rxb1+ 33. Kh2 Rh1+
34. Kg3 0-1

[Event "14e Open International de la Reunion"]
[Site "St Denis"]
[Date "2012.10.07"]
[Round "3.5"]
[White "Rodier, David"]
[Black "Meier, Kurt"]
[Result "1/2-1/2"]
[WhiteElo "2133"]
[BlackElo "1960"]
[PlyCount "81"]
[EventDate "2012.??.??"]

1. d4 Nf6 2. c4 g6 3. Nc3 d5 4. cxd5 Nxd5 5. e4 Nxc3 6. bxc3 Bg7 7. Be3 O-O 8.
Qd2 Nd7 9. Bh6 c5 10. Bxg7 Kxg7 11. Bc4 Qa5 12. Ne2 cxd4 13. cxd4 Qxd2+ 14.
Kxd2 Nb6 15. Bd3 f5 16. f3 Bd7 17. Ke3 Rac8 18. Rhb1 Rc7 19. a4 fxe4 20. fxe4
Nxa4 21. Rb4 b5 22. Bxb5 Bxb5 23. Rxb5 Nb6 24. Rc5 Rfc8 25. Nf4 Kf7 26. Rf1
Rxc5 27. dxc5 Nd7 28. Nd3+ Ke6 29. Kd4 Nb8 30. Nf4+ Kd7 31. Kd5 Nc6 32. Nd3 e6+
33. Kc4 Re8 34. Rb1 Kc7 35. Rf1 Rd8 36. Rf7+ Rd7 37. Rxd7+ Kxd7 38. Kb5 Nd4+
39. Kc4 Nc6 40. Kb5 Nd4+ 41. Kc4 1/2-1/2

[Event "14e Open International de la Reunion"]
[Site "St Denis"]
[Date "2012.10.07"]
[Round "3.6"]
[White "Chan-Kai-Hou, Fabrice"]
[Black "Haanshuus, Aslak"]
[Result "1/2-1/2"]
[WhiteElo "1954"]
[BlackElo "2059"]
[PlyCount "119"]
[EventDate "2012.??.??"]

1. d4 Nf6 2. c4 e5 3. dxe5 Ng4 4. Nf3 Bc5 5. e3 Nc6 6. Nc3 Ngxe5 7. Be2 Nxf3+
8. Bxf3 Ne5 9. Be2 O-O 10. O-O Re8 11. Na4 Bf8 12. b3 d6 13. Bb2 Qh4 14. Qd4
Qxd4 15. Bxd4 Bd7 16. Nb2 a5 17. Nd1 f5 18. Bb2 a4 19. Nc3 a3 20. Bc1 c6 21.
Rd1 Be6 22. f4 Nd7 23. e4 fxe4 24. Nxe4 d5 25. Ng5 Bc5+ 26. Kf1 Nf6 27. Nxe6
Rxe6 28. cxd5 Nxd5 29. Bc4 Rae8 30. Bd2 Kf8 31. Bxd5 cxd5 32. Re1 Kf7 33. Rxe6
Rxe6 34. Re1 Bd4 35. Rxe6 Kxe6 36. Ke2 Bc5 37. g4 d4 38. Kd3 Kd5 39. f5 b5 40.
b4 Bd6 41. h4 Be7 42. g5 Ke5 43. Be1 Kd5 44. Bf2 Bxb4 45. Bxd4 Bf8 46. h5 b4
47. Ba1 Be7 48. g6 hxg6 49. hxg6 Bf8 50. Bd4 Kd6 51. Kc4 Kc6 52. Be3 Be7 53.
Bd2 b3 54. axb3 Bf6 55. Bc3 a2 56. Bxf6 gxf6 57. g7 a1=Q 58. g8=Q Qc1+ 59. Kd4
Qd2+ 60. Ke4 1/2-1/2